000 00353 a2200145 4500
082 _a346.0482
090 _c1049
_d1049
100 _aAsghar,Ali
245 _aManual of Copy Right Laws
_cAli Asghar
260 _aKarachi
_bPioneer book house
_c2001
300 _a124p
500 _aHard cover
800 _aAsghar,Ali
942 _aNBS
_cBK
_k346.0482 ASG
999 _c343583
_d343583